The changing law of nations : essays on international law.

Saved in:
Bibliographic Details
Main Author: Kunz, Joseph Laurenz, 1890-
Format: Book
Language:English
Published: [Columbus] : Ohio State University Press, [1968].
Subjects:
LEADER 00755nam a2200205 i 4500
001 c000247366
003 CARM
005 00000000000000.0
008 840311s1968 ohu 0 eng d
019 1 |a 648252  |5 LACONCORD2021 
035 |a (OCoLC)952649  |5 LACONCORD2021 
082 0 4 |a 341 
100 1 |a Kunz, Joseph Laurenz,  |d 1890- 
245 1 4 |a The changing law of nations :  |b essays on international law. 
260 |a [Columbus] :  |b Ohio State University Press,  |c [1968]. 
300 |a 970 p. 
650 0 |a International law. 
852 8 |b CARM  |h A1:AP05F0  |i C08867  |p 0334387  |f BK 
999 f f |i ce4e8043-3258-5fb7-bf66-d46177f7fc73  |s 5d255c98-4b54-5aaa-b2e8-0f6737be7b2b 
952 f f |p Can circulate  |a CAVAL  |b CAVAL  |c CAVAL  |d CARM 1 Store  |e C08867  |f A1:AP05F0  |h Other scheme  |i book  |m 0334387